LEADER 01159nam a2200277 u 4500 001 000000090784 003 CaOOAMICUS 005 20070226124748.0 008 051219s1947 it u000 u ita u 035 $a11073293 040 $aPUL(R)$bita 041 1 $aita$hfre 100 1 $aMaele, B. van.$0(OLS)http://pul/name/58689 240 10$aHostie avec l'hostie.$lItaliano.$0(OLS)http://pul/title/117225 245 10$aCon Cristo sull'altare :$b(studio sulla Santa Messa) /$cB. van Maele ; traduzione dal francese del sac. Franco Pizzagalli. 260 $aBologna [etc.] :$bAncora,$c1947. 300 $a203 p. ;$c17 cm 490 1 $aSacerdos ;$v10 504 $aBibliografia in nota. 650 4$aMessa.$0(OLS)http://pul/subject/743 830 0$aSacerdos (Ancora) ;$v10.$0(OLS)http://pul/title/116561 850 $aPUL 852 $aPUL$W1$xDP1 Fondo Pastorale$y55$mP19 C 48$j114501$nBK-PRI$b $qFondi$B114501$CPULBib$Z2$F114501 $H $81 941 1 $a1 996 $6245$aCon Cristo sull'altare :$b(studio sulla Santa Messa)$9(OLS)http://pul/title/117226 996 $6260$aBologna [etc.] :$bAncora$9(OLS)http://pul/publisher/78584 LEADER 01227nam a2200277 u 4500 001 000000073659 003 CaOOAMICUS 005 20070226122356.0 008 021008s2000 it a u000 u ita u 020 $a88-14-08412-2 035 $a10941466 040 $aMSA$bita 245 03$aLa disciplina giuridica dei trapianti :$bLegge 1. aprile 1999 n. 91 /$cRoberto D'Orazio ... [et al.] ; coordinamento: Pasquale Stanzione. 260 $aMilano :$bGiuffrè,$c2000. 300 $axx, 414 p. ;$c24 cm 504 $aIndice bibliografico: p. [391]-414. 650 4$aTrapianto (Chirurgia)$xDiritto e legislazione.$0(OLS)http://pul/subject/3425 700 1 $aStanzione, Pasquale.$0(OLS)http://pul/name/37178 700 1 $aD'Orazio, Roberto.$0(OLS)http://pul/name/30146 850 $aPUL 852 $aPUL$W1$xSL Diritto e Scienze Sociali 1$y4$m208 H 2$j95134$nBK-PRI$b $qStampati$B95134$CPULBib$Z2$F95134 $H $81 941 1 $a8 961 $aINV: 88441 996 $6020$a88-14-08412-2$9(OLS)http://pul/number/95075 996 $6245$aLa disciplina giuridica dei trapianti :$bLegge 1. aprile 1999 n. 91$9(OLS)http://pul/title/96787 996 $6260$aMilano :$bGiuffrè$9(OLS)http://pul/publisher/48401